| 000 | 00818nam 22002053 4500 | ||
|---|---|---|---|
| 001 | 200724 | ||
| 090 | _a200724 | ||
| 100 | _a20260224d u||y0pory50 ba | ||
| 200 |
_aA arte da administração _fJames L. Riggs, A. James Kalbaugh _gtradução de Eneida Serpe Dorsa |
||
| 210 |
_aSão Paulo _cLivraria Pioneira editora _d1981 |
||
| 215 |
_a2 vols. _cbrochado _d22 cm |
||
| 225 | _aBiblioteca pioneira de administração e negócios | ||
| 327 | _avol. 1: Princípios e práticas. - [VIII], 344 p. vol. 2: Princípios e práticas, Guia de participação do estudante. - [8], 168 p. | ||
| 606 |
_915014 _aGestão, administração de empresas. Organização |
||
| 675 |
_a658 _vBR _zpor |
||
| 700 |
_916475 _aRigss _bJames L. |
||
| 701 |
_916476 _aKalbaugh _bA. James |
||
| 801 |
_aPT _bBMMN _gRPC |
||
| 830 | _cVanda | ||
| 990 | _cLIVROS | ||